Вольтамперометрическое определение компонентов-маркеров продуктов выстрела в объектах криминалистики: диссертация на соискание ученой степени кандидата химических наук; спец. 02.00.02

Détails bibliographiques
Auteur principal: Сорокин И. А. Игорь Андреевич
Collectivité auteur: Национальный исследовательский Томский политехнический университет Инженерная школа природных ресурсов Отделение химической инженерии
Autres auteurs: Слепченко Г. Б. Галина Борисовна (научный руководитель)
Résumé:Заглавие с титульного экрана
Электронная версия печатной публикации
Langue:russe
Publié: Томск, 2018
Sujets:
Accès en ligne:http://earchive.tpu.ru/handle/11683/46978
Format: Électronique Livre
KOHA link:https://koha.lib.tpu.ru/cgi-bin/koha/opac-detail.pl?biblionumber=340137

MARC

LEADER 00000nlm0a2200000 4500
001 340137
005 20240213151618.0
035 |a (RuTPU)RU\TPU\book\366731 
035 |a RU\TPU\book\366729 
090 |a 340137 
100 |a 20180220d2018 k y0rusy50 ca 
101 0 |a rus 
102 |a RU 
105 |a a m 000zy 
135 |a drcn ---uucaa 
181 0 |a i  
182 0 |a b 
200 1 |a Вольтамперометрическое определение компонентов-маркеров продуктов выстрела в объектах криминалистики  |e диссертация на соискание ученой степени кандидата химических наук  |e спец. 02.00.02  |f И. А. Сорокин  |g Национальный исследовательский Томский политехнический университет ; науч. рук. Г. Б. Слепченко 
203 |a Текст  |c электронный 
210 |a Томск  |d 2018 
215 |a 1 файл (1 102 KB) 
300 |a Заглавие с титульного экрана 
300 |a Электронная версия печатной публикации 
452 1 |0 (RuTPU)RU\TPU\book\368148  |t Вольтамперометрическое определение компонентов-маркеров продуктов выстрела в объектах криминалистики  |o диссертация на соискание ученой степени кандидата химических наук  |o спец. 02.00.02  |f И. А. Сорокин  |g Национальный исследовательский Томский политехнический университет (ТПУ) ; науч. рук. Г. Б. Слепченко  |c Томск  |n [Б. и.]  |d 2018  |p 123 л.  |a Сорокин, Игорь Андреевич 
606 1 |a Вольтамперометрия  |2 stltpush  |3 (RuTPU)RU\TPU\subj\3652  |9 32036 
610 1 |a электронный ресурс 
610 1 |a диссертации 
610 1 |a труды учёных ТПУ 
610 1 |a вольтамперометрическое определение 
610 1 |a компоненты 
610 1 |a маркеры 
610 1 |a выстрелы 
610 1 |a криминалистика 
610 1 |a электрохимическое поведение 
610 1 |a электроды 
610 1 |a неорганические элементы 
610 1 |a криминалистические исследования 
610 1 |a инверсионная вольтамперометрия 
610 1 |a дифениламин 
610 1 |a физико-химические характеристики 
610 1 |a инструментальные методы 
675 |a 543.552(04)  |v 3 
686 |a 02.00.02  |2 oksvnk 
700 1 |a Сорокин  |b И. А.  |g Игорь Андреевич 
702 1 |a Слепченко  |b Г. Б.  |c химик  |c профессор Томского политехнического университета, доктор химических наук  |f 1956-  |g Галина Борисовна  |3 (RuTPU)RU\TPU\pers\25643  |4 727  |9 11554 
712 0 2 |a Национальный исследовательский Томский политехнический университет  |b Инженерная школа природных ресурсов  |b Отделение химической инженерии  |3 (RuTPU)RU\TPU\col\23513 
801 2 |a RU  |b 63413507  |c 20190109  |g RCR 
856 4 |u http://earchive.tpu.ru/handle/11683/46978 
942 |c CF